000
00270nam a2200097Ia 4500
001
990817
005
20251230110003.0
008
250824s9999 xx 000 0 und d
245
0
_a
SHERLOCK HOLMES - ÜÇ ÖĞRENCİNİN HİKAYESİ
_c
SİR ARTHUR CONAN DOYLE
260
_b
dokuz
999
_c
990817
_d
990817